[Event "Madrid ch 2012 - Final"]
[Site "Madrid ESP"]
[Date "2012.05.31"]
[Round "1.11"]
[White "Moreno Ruiz, Javier"]
[Black "Cerrato Torrijos, Maria"]
[Result "1-0"]
[WhiteElo "2513"]
[BlackElo "2116"]
[PlyCount "57"]
[EventDate "2012.05.31"]
[EventType "k.o."]
[EventRounds "4"]
[EventCountry "ESP"]
[Source "lmi"]
[SourceDate "2012.05.31"]

1. e4 c5 2. Nc3 Nc6 3. f4 g6 4. Nf3 Bg7 5. Bb5 Nd4 6. O-O Nxb5 7. Nxb5 d6 8. d3
Nf6 9. Qe1 O-O 10. f5 a6 11. Nc3 e6 12. Qh4 exf5 13. Bg5 h6 14. Bxh6 Bxh6 15.
Qxh6 Ng4 16. Qd2 Kg7 17. Rae1 fxe4 18. Nxe4 Bf5 19. Ng3 Nh6 20. Ng5 Qf6 21. c3
Qd8 22. N3e4 Qd7 23. Nh7 Rh8 24. Nhf6 Qe6 25. Qg5 Qxa2 26. Nh5+ Kg8 27. Nef6+
Kf8 28. Nh7+ Rxh7 29. Qe7+ 1-0

[Event "Madrid ch 2012 - Final"]
[Site "Madrid ESP"]
[Date "2012.05.31"]
[Round "1.12"]
[White "Anton Guijarro, David"]
[Black "Nuñez Reiz, Antonio"]
[Result "1-0"]
[WhiteElo "2475"]
[BlackElo "2130"]
[PlyCount "99"]
[EventDate "2012.05.31"]
[EventType "k.o."]
[EventRounds "4"]
[EventCountry "ESP"]
[Source "lmi"]
[SourceDate "2012.05.31"]

1. Nf3 Nf6 2. d4 e6 3. g3 d5 4. Bg2 b6 5. c4 Bb4+ 6. Nc3 O-O 7. cxd5 exd5 8.
O-O Bb7 9. Ne5 Nbd7 10. Bg5 Be7 11. Rc1 c6 12. Nd3 Rc8 13. Qa4 a5 14. Bh3 b5
15. Qb3 Ra8 16. Qc2 h6 17. Bxf6 Bxf6 18. e3 Nb6 19. Bg2 Bc8 20. Nc5 Nc4 21. Ne2
Nd6 22. Nf4 Bf5 23. Qe2 g6 24. g4 Bc8 25. h3 Re8 26. Qc2 Kg7 27. Nfd3 Ra7 28.
b3 Rae7 29. Qd2 b4 30. f4 Bh4 31. Ne5 Rc7 32. Kh2 h5 33. gxh5 Rh8 34. Bf3 Nf5
35. Rg1 Rh6 36. Ncd3 Qf6 37. Rg2 Qe6 38. Nc5 Qd6 39. Rcg1 g5 40. fxg5 Re6 41.
h6+ Kh8 42. Nxe6 Qxe6 43. Rg4 c5 44. g6 Bf6 45. g7+ Nxg7 46. hxg7+ Kg8 47. R4g3
cxd4 48. exd4 Qf5 49. Qh6 Rc2+ 50. R1g2 1-0

[Event "Madrid ch 2012 - Final"]
[Site "Madrid ESP"]
[Date "2012.05.31"]
[Round "1.17"]
[White "Perez Gonzalez, Jose Manuel"]
[Black "Martin Duque, Jesus"]
[Result "1/2-1/2"]
[WhiteElo "2331"]
[BlackElo "2253"]
[PlyCount "62"]
[EventDate "2012.05.31"]
[EventType "k.o."]
[EventRounds "4"]
[EventCountry "ESP"]
[Source "lmi"]
[SourceDate "2012.05.31"]

1. e4 e6 2. d4 d5 3. Nc3 Bb4 4. e5 c5 5. a3 Bxc3+ 6. bxc3 Qa5 7. Bd2 Qa4 8. Qb1
c4 9. Nf3 Nc6 10. g3 Bd7 11. h4 O-O-O 12. h5 h6 13. Bh3 Nge7 14. O-O Kb8 15.
Qc1 Nc8 16. Nh4 Rhf8 17. Re1 Nb6 18. Ra2 Qa5 19. Qd1 f5 20. exf6 Rxf6 21. Ng6
Ka8 22. Re2 Re8 23. Qe1 Na4 24. Bg4 a6 25. Ra1 Ka7 26. Re3 Bc8 27. Qe2 Ka8 28.
f4 Qb6 29. Kg2 Qb2 30. Qd1 Qb6 31. Qe2 Qb2 1/2-1/2

[Event "Madrid ch 2012 - Final"]
[Site "Madrid ESP"]
[Date "2012.05.31"]
[Round "1.18"]
[White "Adan Bermudez, Sergio"]
[Black "Castaño, Henry Augusto"]
[Result "0-1"]
[WhiteElo "2320"]
[BlackElo "2290"]
[PlyCount "52"]
[EventDate "2012.05.31"]
[EventType "k.o."]
[EventRounds "4"]
[EventCountry "ESP"]
[Source "lmi"]
[SourceDate "2012.05.31"]

1. c4 Nf6 2. g3 c6 3. Nf3 d5 4. b3 Bg4 5. Bg2 e6 6. Bb2 Nbd7 7. O-O Bd6 8. d3
O-O 9. Nbd2 Qe7 10. a3 a5 11. h3 Bh5 12. Re1 e5 13. Nh4 Bg6 14. Nxg6 hxg6 15.
cxd5 cxd5 16. Nb1 e4 17. Nc3 e3 18. f4 g5 19. fxg5 Nh5 20. Rf1 Qxg5 21. Rf3 Ne5
22. Rf1 Qxg3 23. Qe1 Nf3+ 24. Rxf3 Qh2+ 25. Kf1 Ng3+ 26. Rxg3 Bxg3 0-1

[Event "Madrid ch 2012 - Final"]
[Site "Madrid ESP"]
[Date "2012.06.01"]
[Round "1.22"]
[White "Nuñez Reiz, Antonio"]
[Black "Anton Guijarro, David"]
[Result "0-1"]
[WhiteElo "2130"]
[BlackElo "2475"]
[PlyCount "116"]
[EventDate "2012.05.31"]
[EventType "k.o."]
[EventRounds "4"]
[EventCountry "ESP"]
[Source "lmi"]
[SourceDate "2012.05.31"]

1. e4 e6 2. d4 d5 3. Nd2 Nf6 4. Bd3 c5 5. dxc5 Bxc5 6. Qe2 Nc6 7. Ngf3 Nb4 8.
O-O Nxd3 9. cxd3 b6 10. d4 Be7 11. Re1 a5 12. e5 Nd7 13. Nf1 Ba6 14. Qd1 Rc8
15. Bd2 Rc6 16. Rc1 Qc7 17. Rxc6 Qxc6 18. Qb3 Qc4 19. Rc1 Qxb3 20. axb3 Bd8 21.
Bg5 f6 22. exf6 gxf6 23. Bf4 Kf7 24. Ne3 Be7 25. h4 Rc8 26. Rxc8 Bxc8 27. Kf1
h5 28. Bc7 Ba6+ 29. Ke1 Bd3 30. g3 Bb4+ 31. Kd1 Bf8 32. Ng1 Bh6 33. Nh3 Be4 34.
Ke2 Bb1 35. Bf4 Bf8 36. Kd1 e5 37. dxe5 fxe5 38. Bg5 d4 39. Nc4 Bf5 40. Ng1 Ke6
41. Bd8 Bc5 42. Kd2 Bb4+ 43. Kd1 Kd5 44. f3 e4 45. fxe4+ Kxe4 46. Bg5 Bg4+ 47.
Kc1 d3 48. Nd2+ Bxd2+ 49. Kxd2 Nc5 50. Kc3 Be6 51. Bh6 b5 52. b4 Na4+ 53. Kd2
axb4 54. Kc1 Nc5 55. Bd2 Nb3+ 56. Kd1 Bg4+ 57. Ke1 Nxd2 58. Kxd2 b3 0-1

[Event "Madrid ch 2012 - Final"]
[Site "Madrid ESP"]
[Date "2012.06.01"]
[Round "1.23"]
[White "Barez Menendez, Hector"]
[Black "Almagro Llamas, Pablo"]
[Result "0-1"]
[WhiteElo "2164"]
[BlackElo "2454"]
[PlyCount "80"]
[EventDate "2012.05.31"]
[EventType "k.o."]
[EventRounds "4"]
[EventCountry "ESP"]
[Source "lmi"]
[SourceDate "2012.05.31"]

1. d4 Nf6 2. Nf3 g6 3. c4 Bg7 4. g3 O-O 5. Bg2 d6 6. O-O Nc6 7. Nc3 a6 8. h3
Rb8 9. e4 b5 10. cxb5 axb5 11. Re1 b4 12. Nd5 Nxd5 13. exd5 Na7 14. Bg5 Re8 15.
Qa4 Rb7 16. Bf1 h6 17. Bd2 Bd7 18. Qc2 Qb8 19. Rac1 Nc8 20. Nh4 Qa7 21. Be3 Rf8
22. g4 Nb6 23. b3 Nxd5 24. Bg2 c6 25. Qc4 e6 26. Bxd5 cxd5 27. Qe2 Ra8 28. Rc2
Rc7 29. Rxc7 Qxc7 30. Qd2 Qc3 31. Qxc3 bxc3 32. Rc1 e5 33. Nf3 Rc8 34. a4 f5
35. gxf5 gxf5 36. dxe5 dxe5 37. Bb6 d4 38. Ne1 e4 39. Rd1 d3 40. Be3 Be6 0-1

[Event "Madrid ch 2012 - Final"]
[Site "Madrid ESP"]
[Date "2012.06.01"]
[Round "1.25"]
[White "Rodrigo Yanguas, Maria"]
[Black "Taboas Rodriguez, Daniel"]
[Result "0-1"]
[WhiteElo "2198"]
[BlackElo "2410"]
[PlyCount "94"]
[EventDate "2012.05.31"]
[EventType "k.o."]
[EventRounds "4"]
[EventCountry "ESP"]
[Source "lmi"]
[SourceDate "2012.05.31"]

1. e4 e6 2. d4 d5 3. Nd2 c5 4. Ngf3 Nc6 5. c3 cxd4 6. cxd4 dxe4 7. Nxe4 Bb4+ 8.
Nc3 Nf6 9. Bd3 O-O 10. O-O b6 11. Bg5 Be7 12. Rc1 Bb7 13. Bb1 Rc8 14. a3 Nd5
15. Qd3 g6 16. Ne4 Bxg5 17. Nexg5 Nf4 18. Qe3 Nxd4 19. Rcd1 Nxf3+ 20. Nxf3 Nd5
21. Qh6 Qf6 22. Rd4 Qg7 23. Qd2 Rc5 24. Re1 Nf6 25. Ne5 Rd5 26. Ba2 Rxd4 27.
Qxd4 Bd5 28. Bxd5 Nxd5 29. Qa4 Rc8 30. h3 a5 31. b4 axb4 32. axb4 Qf8 33. b5
Qb4 34. Qa1 Qc3 35. Qb1 Rc5 36. Nd3 Rc4 37. Rc1 Qd4 38. Rxc4 Qxc4 39. Ne5 Qd4
40. Nc6 Qc5 41. Nb8 Kg7 42. Nc6 Nc3 43. Qa1 e5 44. Qa8 Ne2+ 45. Kf1 Nf4 46. Kg1
Qd5 47. f3 Qd2 0-1

[Event "Madrid ch 2012 - Final"]
[Site "Madrid ESP"]
[Date "2012.06.01"]
[Round "1.27"]
[White "Martin Duque, Jesus"]
[Black "Perez Gonzalez, Jose Manuel"]
[Result "0-1"]
[WhiteElo "2253"]
[BlackElo "2331"]
[PlyCount "56"]
[EventDate "2012.05.31"]
[EventType "k.o."]
[EventRounds "4"]
[EventCountry "ESP"]
[Source "lmi"]
[SourceDate "2012.05.31"]

1. Nf3 Nf6 2. g3 g6 3. Bg2 Bg7 4. O-O O-O 5. d4 d6 6. c4 c6 7. Nc3 Qa5 8. h3
Nbd7 9. e4 e5 10. Qc2 exd4 11. Nxd4 Nb6 12. Nb3 Qh5 13. g4 Bxg4 14. hxg4 Nxg4
15. Rd1 f5 16. f4 Qh2+ 17. Kf1 fxe4 18. Nxe4 Rxf4+ 19. Bxf4 Rf8 20. Ke1 Rxf4
21. Qe2 Bh6 22. Rxd6 Qg1+ 23. Bf1 Rxe4 24. Qxe4 Qf2+ 25. Kd1 Ne3+ 26. Qxe3 Bxe3
27. Be2 Kg7 28. Nd2 Bxd2 0-1

[Event "Madrid ch 2012 - Final"]
[Site "Madrid ESP"]
[Date "2012.06.02"]
[Round "1.36"]
[White "Candela Perez, Jose"]
[Black "Ramirez Garcia, Jorge Alberto"]
[Result "1-0"]
[WhiteElo "2402"]
[BlackElo "2200"]
[PlyCount "51"]
[EventDate "2012.05.31"]
[EventType "k.o."]
[EventRounds "4"]
[EventCountry "ESP"]
[Source "lmi"]
[SourceDate "2012.05.31"]

1. d4 e6 2. c4 d5 3. Nc3 Bb4 4. Qa4+ Nc6 5. e3 Nf6 6. Bd2 dxc4 7. Bxc4 O-O 8.
Nf3 Bd6 9. Nb5 Bd7 10. Qc2 Rc8 11. O-O Bb4 12. Nxa7 Bxd2 13. Nxc6 Bxc6 14. Nxd2
e5 15. dxe5 Ng4 16. e6 Qd6 17. exf7+ Kh8 18. g3 Rcd8 19. Rfd1 Nxh2 20. Qf5 Qh6
21. Ne4 Rd6 22. Rxd6 cxd6 23. Rd1 Bxe4 24. Qxe4 Qh5 25. Qe7 Nf3+ 26. Kg2 1-0

[Event "Madrid ch 2012 - Final"]
[Site "Madrid ESP"]
[Date "2012.06.02"]
[Round "1.46"]
[White "Ramirez Garcia, Jorge Alberto"]
[Black "Candela Perez, Jose"]
[Result "1/2-1/2"]
[WhiteElo "2200"]
[BlackElo "2402"]
[PlyCount "36"]
[EventDate "2012.05.31"]
[EventType "k.o."]
[EventRounds "4"]
[EventCountry "ESP"]
[Source "lmi"]
[SourceDate "2012.05.31"]

1. e4 e5 2. Nf3 Nc6 3. Nc3 Nf6 4. Bb5 Bb4 5. O-O O-O 6. Bxc6 dxc6 7. Nxe5 Re8
8. Nd3 Bxc3 9. dxc3 Nxe4 10. Bf4 Bf5 11. Qf3 Bg6 12. Rfe1 f6 13. Re3 Nd6 14.
Rae1 Rxe3 15. Qxe3 Qd7 16. Qe7 Qxe7 17. Rxe7 Re8 18. Rxe8+ Nxe8 1/2-1/2

[Event "Madrid ch 2012 - Final"]
[Site "Madrid ESP"]
[Date "2012.06.04"]
[Round "2.11"]
[White "Moreno Ruiz, Javier"]
[Black "Castaño, Henry Augusto"]
[Result "1-0"]
[WhiteElo "2513"]
[BlackElo "2290"]
[PlyCount "97"]
[EventDate "2012.05.31"]
[EventType "k.o."]
[EventRounds "4"]
[EventCountry "ESP"]
[Source "lmi"]
[SourceDate "2012.05.31"]

1. e4 e5 2. Nf3 Nc6 3. Bc4 Nf6 4. d3 Be7 5. O-O O-O 6. Bb3 d6 7. c3 b5 8. Re1
a5 9. a4 b4 10. Nbd2 bxc3 11. bxc3 d5 12. Qc2 Bg4 13. h3 Be6 14. Ng5 Qd7 15.
Ndf3 Rae8 16. Nxe6 fxe6 17. exd5 Nxd5 18. Be3 Rxf3 19. gxf3 Rf8 20. Kg2 Qe8 21.
d4 Qh5 22. Qe4 Rf4 23. Bxf4 Nxf4+ 24. Qxf4 exf4 25. Rxe6 Kf8 26. Rxc6 Bd6 27.
Ra6 Qg6+ 28. Kh2 Qe8 29. Bd5 Qe2 30. Ra8+ Ke7 31. Ra2 Qe1 32. Rc2 h5 33. Rxa5
Kf6 34. Be4 g6 35. Rd5 Ke6 36. Rg5 Qa1 37. a5 Ke7 38. c4 c5 39. dxc5 Bc7 40.
Rxg6 Bxa5 41. Bd5 Qe1 42. Re6+ Qxe6 43. Bxe6 Kxe6 44. Ra2 Bb4 45. Ra6+ Kd7 46.
Rd6+ Kc7 47. Rd5 h4 48. Kg2 Kc6 49. Rh5 1-0

[Event "Madrid ch 2012 - Final"]
[Site "Madrid ESP"]
[Date "2012.06.04"]
[Round "2.14"]
[White "Roa Alonso, Santiago"]
[Black "Taboas Rodriguez, Daniel"]
[Result "1/2-1/2"]
[WhiteElo "2423"]
[BlackElo "2410"]
[PlyCount "113"]
[EventDate "2012.05.31"]
[EventType "k.o."]
[EventRounds "4"]
[EventCountry "ESP"]
[Source "lmi"]
[SourceDate "2012.05.31"]

1. e4 e5 2. Nf3 Nc6 3. Bb5 Nge7 4. c3 d6 5. d4 Bd7 6. O-O Ng6 7. Be3 Be7 8.
Nbd2 h6 9. Re1 Bg5 10. Nc4 Bxe3 11. Rxe3 Qe7 12. Qb3 Rb8 13. Qa3 exd4 14. cxd4
O-O 15. d5 a6 16. Bxc6 bxc6 17. e5 cxd5 18. exd6 Qd8 19. Nce5 Nxe5 20. Nxe5
cxd6 21. Qxd6 Bb5 22. Qc5 d4 23. Re4 d3 24. Rd4 Qf6 25. a4 Rbc8 26. Qd6 Qxd6
27. Rxd6 Bxa4 28. Nxd3 Bb5 29. h3 Rfd8 30. Rxd8+ Rxd8 31. Nb4 g5 32. Ra5 Rd6
33. Kh2 f5 34. h4 Kg7 35. hxg5 hxg5 36. Kh3 Kg6 37. b3 Kh5 38. f3 Kg6 39. Ra2
Kf6 40. Ra5 Ke6 41. Kg3 Kf7 42. Ra2 f4+ 43. Kh2 Rh6+ 44. Kg1 Ke7 45. Rd2 Rd6
46. Ra2 Kd7 47. Rc2 a5 48. Rc5 Rb6 49. Nc2 Bd3 50. Ne1 Rxb3 51. Nxd3 Rxd3 52.
Rxa5 g4 53. fxg4 Rg3 54. Kh2 Rxg4 55. Re5 Kd6 56. Re2 Kd5 57. Re8 1/2-1/2

[Event "Madrid ch 2012 - Final"]
[Site "Madrid ESP"]
[Date "2012.06.05"]
[Round "2.21"]
[White "Castaño, Henry Augusto"]
[Black "Moreno Ruiz, Javier"]
[Result "1/2-1/2"]
[WhiteElo "2290"]
[BlackElo "2513"]
[PlyCount "88"]
[EventDate "2012.05.31"]
[EventType "k.o."]
[EventRounds "4"]
[EventCountry "ESP"]
[Source "lmi"]
[SourceDate "2012.05.31"]

1. e4 c5 2. Nf3 e6 3. d3 Nc6 4. g3 g6 5. Bg2 Bg7 6. h4 h5 7. c3 e5 8. a3 d6 9.
b4 Nge7 10. O-O Bg4 11. Nbd2 O-O 12. Nc4 Qd7 13. Ne3 Bh3 14. Bxh3 Qxh3 15. bxc5
dxc5 16. c4 Nd4 17. Bb2 Nxf3+ 18. Qxf3 Rad8 19. Rfd1 Rd7 20. a4 f5 21. Qg2
Qxg2+ 22. Kxg2 f4 23. Nd5 Nxd5 24. cxd5 Rdf7 25. Rf1 fxg3 26. fxg3 Rxf1 27.
Rxf1 Rxf1 28. Kxf1 Kf7 29. Ke2 Ke7 30. Kf3 Kd6 31. g4 Bf6 32. g5 Bd8 33. Bc3 b6
34. Ke2 a6 35. Kd1 b5 36. axb5 axb5 37. Be1 Bb6 38. Kc2 Bd8 39. Kb3 Bb6 40. Kb2
Bc7 41. Kb3 Bb6 42. Kc2 Bc7 43. Kb2 Bd8 44. Kc2 Bc7 1/2-1/2

[Event "Madrid ch 2012 - Final"]
[Site "Madrid ESP"]
[Date "2012.06.05"]
[Round "2.24"]
[White "Taboas Rodriguez, Daniel"]
[Black "Roa Alonso, Santiago"]
[Result "1/2-1/2"]
[WhiteElo "2410"]
[BlackElo "2423"]
[PlyCount "22"]
[EventDate "2012.05.31"]
[EventType "k.o."]
[EventRounds "4"]
[EventCountry "ESP"]
[Source "lmi"]
[SourceDate "2012.05.31"]

1. d4 d5 2. c4 e6 3. Nc3 Nf6 4. cxd5 exd5 5. Bg5 c6 6. e3 Be7 7. Bd3 Nbd7 8.
Qc2 Nf8 9. Nf3 Ne6 10. Bh4 g6 11. O-O O-O 1/2-1/2

[Event "Madrid ch 2012 - Final"]
[Site "Madrid ESP"]
[Date "2012.06.06"]
[Round "2.33"]
[White "Candela Perez, Jose"]
[Black "Almagro Llamas, Pablo"]
[Result "0-1"]
[WhiteElo "2402"]
[BlackElo "2454"]
[PlyCount "90"]
[EventDate "2012.05.31"]
[EventType "k.o."]
[EventRounds "4"]
[EventCountry "ESP"]
[Source "lmi"]
[SourceDate "2012.05.31"]

1. e4 c6 2. d4 d5 3. Nd2 dxe4 4. Nxe4 Bf5 5. Ng3 Bg6 6. Nf3 Nf6 7. h4 Nh5 8.
Ne2 Nd7 9. g3 e6 10. Bg2 Bd6 11. O-O O-O 12. Bg5 Qc7 13. c4 c5 14. b3 h6 15.
Be3 Rad8 16. Nc3 a6 17. Rc1 cxd4 18. Nxd4 Ba3 19. Rc2 Nc5 20. Rd2 Bb4 21. Qa1
Nf6 22. Nde2 Nd3 23. Nf4 Ng4 24. Nxg6 fxg6 25. Re2 Nxe3 26. Rxe3 Bc5 27. Nd5
Rxd5 28. cxd5 Nxf2 29. Rc3 Ne4+ 30. Rxc5 Qxc5+ 31. Kh2 Rxf1 32. Qxf1 exd5 33.
Qd3 Qc6 34. Qd4 Kh7 35. Qe5 Nf6 36. Qe2 h5 37. Bf3 Qc3 38. Kg2 d4 39. Bxb7 d3
40. Qf1 Qc2+ 41. Kh3 Ng4 42. Qg2 Nf2+ 43. Kh2 d2 44. Bf3 Ng4+ 45. Kh3 d1=Q 0-1

[Event "Madrid ch 2012 - Final"]
[Site "Madrid ESP"]
[Date "2012.06.06"]
[Round "2.34"]
[White "Taboas Rodriguez, Daniel"]
[Black "Roa Alonso, Santiago"]
[Result "1/2-1/2"]
[WhiteElo "2410"]
[BlackElo "2423"]
[PlyCount "160"]
[EventDate "2012.05.31"]
[EventType "k.o."]
[EventRounds "4"]
[EventCountry "ESP"]
[Source "lmi"]
[SourceDate "2012.05.31"]

1. e4 e5 2. Nf3 Nc6 3. Bb5 a6 4. Bxc6 dxc6 5. Nc3 Bg4 6. h3 Bxf3 7. Qxf3 Bd6 8.
Qg3 Qf6 9. d3 Qg6 10. Qxg6 hxg6 11. Be3 c5 12. O-O Ne7 13. f4 exf4 14. Bxf4
Bxf4 15. Rxf4 f6 16. Re1 O-O-O 17. Kf2 g5 18. Rf3 Nc6 19. Kf1 Nd4 20. Rf2 g4
21. Re3 b6 22. Nd5 Kb7 23. c3 gxh3 24. gxh3 Ne6 25. Nf4 Ng5 26. Kg2 Rde8 27.
Kg3 c4 28. h4 Nf7 29. d4 Nd6 30. Rfe2 f5 31. e5 Ne4+ 32. Rxe4 fxe4 33. Rxe4 c6
34. Kg4 Kc7 35. Ng6 Rh6 36. h5 Kd7 37. Kg5 Ke6 38. Nf4+ Kd7 39. Ng6 Ke6 40. a3
b5 41. Rf4 a5 42. Rf1 b4 43. axb4 axb4 44. Ra1 bxc3 45. bxc3 Rb8 46. Nf4+ Kf7
47. Ra4 Rb1 48. Rxc4 Rg1+ 49. Kf5 Rf1 50. Ke4 Re1+ 51. Kf3 Rf1+ 52. Kg3 Ke7 53.
Ra4 Rc1 54. Ra7+ Kf8 55. Ra3 Rg1+ 56. Kf2 Rc1 57. Ke3 Re1+ 58. Kf2 Rc1 59. Rb3
Ke7 60. Rb7+ Kd8 61. Rxg7 Rxc3 62. Ke2 Ra3 63. Rg6 Rxg6 64. hxg6 Ke7 65. Kd2
Rg3 66. Ke2 Kd7 67. Kf2 Rg5 68. Kf3 Ke7 69. Ke4 Kd7 70. Kd3 Rg4 71. Ke3 Rg1 72.
Kf3 Rg5 73. Ke4 Ke7 74. Kf3 Kd7 75. Kf2 Ke7 76. Ke2 Kd7 77. Kd3 Rg4 78. Ke4 Rg5
79. Kd3 Rg4 80. Ke3 Ke7 1/2-1/2

[Event "Madrid ch 2012 - Final"]
[Site "Madrid ESP"]
[Date "2012.06.06"]
[Round "2.44"]
[White "Roa Alonso, Santiago"]
[Black "Taboas Rodriguez, Daniel"]
[Result "0-1"]
[WhiteElo "2423"]
[BlackElo "2410"]
[PlyCount "142"]
[EventDate "2012.05.31"]
[EventType "k.o."]
[EventRounds "4"]
[EventCountry "ESP"]
[Source "lmi"]
[SourceDate "2012.05.31"]

1. e4 e5 2. Nf3 Nc6 3. Bb5 a6 4. Ba4 d6 5. c3 Bd7 6. d4 g6 7. d5 Nce7 8. Bxd7+
Qxd7 9. c4 h6 10. Nc3 f5 11. exf5 gxf5 12. Nh4 Nf6 13. f4 e4 14. Be3 Bg7 15. g3
c5 16. dxc6 Qxc6 17. O-O O-O 18. Rc1 Rac8 19. b3 d5 20. Ne2 dxc4 21. Nd4 Qd5
22. bxc4 Rxc4 23. Rxc4 Qxc4 24. Ndxf5 Nfd5 25. Nxe7+ Nxe7 26. Qd7 Bf6 27. Rd1
Qxa2 28. Qxb7 Qe2 29. Qb3+ Kg7 30. Bd4 e3 31. Bxe3 Rb8 32. Qxb8 Qxd1+ 33. Kf2
Qc2+ 34. Kf3 Qxh2 35. Qa7 Qh1+ 36. Ng2 Qf1+ 37. Bf2 Qd1+ 38. Ke3 Kg6 39. Nh4+
Bxh4 40. gxh4 Nf5+ 41. Ke4 Qe2+ 42. Kd5 Qd3+ 43. Ke5 Qc3+ 44. Kd5 Qd3+ 45. Ke5
Qd6+ 46. Ke4 Qc6+ 47. Ke5 Qc3+ 48. Kd5 Qd3+ 49. Ke5 Qd6+ 50. Ke4 Qe6+ 51. Kd3
Qd5+ 52. Kc3 Qf3+ 53. Kb2 Qe2+ 54. Ka1 Kh5 55. Qb6 Kg4 56. Qc5 Kxf4 57. Qb4+
Kf3 58. Be1 Qd3 59. Bd2 Nd4 60. Qc3 Qxc3+ 61. Bxc3 Nf5 62. Kb2 h5 63. Ka3 Nxh4
64. Bf6 Nf5 65. Ka4 Nd6 66. Ka5 Ne4 67. Bh4 Kg4 68. Be1 Ng3 69. Bf2 h4 70. Bg1
Kf3 71. Kxa6 Kg2 0-1

[Event "Madrid ch 2012 - Final"]
[Site "Madrid ESP"]
[Date "2012.06.07"]
[Round "3.11"]
[White "Moreno Ruiz, Javier"]
[Black "Taboas Rodriguez, Daniel"]
[Result "1-0"]
[WhiteElo "2513"]
[BlackElo "2410"]
[PlyCount "87"]
[EventDate "2012.05.31"]
[EventType "k.o."]
[EventRounds "4"]
[EventCountry "ESP"]
[Source "lmi"]
[SourceDate "2012.05.31"]

1. e4 e6 2. d4 d5 3. Nc3 Nf6 4. Bg5 Be7 5. e5 Nfd7 6. h4 Nc6 7. Nf3 f6 8. exf6
Nxf6 9. Qd2 h6 10. Bxf6 Bxf6 11. O-O-O O-O 12. Kb1 Be7 13. Bb5 Bd6 14. Bxc6
bxc6 15. Na4 Rb8 16. Qc3 Ba6 17. Nc5 Bxc5 18. Qxc5 Be2 19. Rde1 Bxf3 20. gxf3
Qd7 21. Re3 a6 22. Rhe1 Rf6 23. Rc3 Rb6 24. a4 Kh7 25. Ree3 Rf4 26. a5 Rb5 27.
Qxc6 Qxc6 28. Rxc6 Rxa5 29. c3 Rxh4 30. Rexe6 Rh2 31. Re2 Rh1+ 32. Kc2 Rh3 33.
Rxc7 Rxf3 34. Kb1 h5 35. Ree7 Rxf2 36. Rxg7+ Kh6 37. Rg1 Rb5 38. Rc6+ Kh7 39.
b4 a5 40. Rc5 Rxc5 41. bxc5 Kh6 42. c4 Rd2 43. c6 Rxd4 44. Rc1 1-0

[Event "Madrid ch 2012 - Final"]
[Site "Madrid ESP"]
[Date "2012.06.07"]
[Round "3.12"]
[White "Anton Guijarro, David"]
[Black "Almagro Llamas, Pablo"]
[Result "1-0"]
[WhiteElo "2475"]
[BlackElo "2454"]
[PlyCount "101"]
[EventDate "2012.05.31"]
[EventType "k.o."]
[EventRounds "4"]
[EventCountry "ESP"]
[Source "lmi"]
[SourceDate "2012.05.31"]

1. e4 c6 2. d4 d5 3. e5 Bf5 4. Nf3 e6 5. Be2 Ne7 6. O-O Nc8 7. Nbd2 Be7 8. Nb3
O-O 9. Ne1 Nd7 10. Bd3 Bxd3 11. Nxd3 Qc7 12. Qg4 Re8 13. Bh6 Bf8 14. c3 Ne7 15.
Bg5 Nf5 16. Qh3 f6 17. exf6 gxf6 18. Bf4 Bd6 19. Bxd6 Qxd6 20. Rae1 b6 21. Nd2
Kh8 22. Kh1 Ng7 23. f4 c5 24. Nf3 cxd4 25. cxd4 Rac8 26. g4 Nf8 27. g5 Qd8 28.
gxf6 Qxf6 29. Nde5 Re7 30. Ng5 Nf5 31. Rg1 Rcc7 32. Rg2 Rg7 33. Reg1 Kg8 34.
Ng4 Qxd4 35. Nf3 Qxf4 36. Nf6+ Kh8 37. Ne8 Rxg2 38. Qxg2 Ng6 39. Nxc7 Qxc7 40.
Ng5 Qe7 41. Qg4 d4 42. Qe4 d3 43. Qxd3 Qb7+ 44. Qe4 Qxe4+ 45. Nxe4 Nfe7 46. Ng5
Kg7 47. Nxe6+ Kf6 48. Nd4 Ke5 49. Rd1 Ke4 50. Nb5 Nc6 51. Rd7 1-0

[Event "Madrid ch 2012 - Final"]
[Site "Madrid ESP"]
[Date "2012.06.08"]
[Round "3.22"]
[White "Anton Guijarro, David"]
[Black "Almagro Llamas, Pablo"]
[Result "1/2-1/2"]
[WhiteElo "2475"]
[BlackElo "2454"]
[PlyCount "140"]
[EventDate "2012.05.31"]
[EventType "k.o."]
[EventRounds "4"]
[EventCountry "ESP"]
[Source "lmi"]
[SourceDate "2012.05.31"]

1. d4 e6 2. c4 Nf6 3. Nf3 Bb4+ 4. Nbd2 d5 5. Qa4+ Nc6 6. e3 O-O 7. a3 Bxd2+ 8.
Bxd2 Ne4 9. Bc1 Bd7 10. Qc2 Be8 11. Bd3 f5 12. b4 a6 13. Bb2 Rc8 14. Rc1 Rf6
15. Qb3 Bh5 16. Ng1 Rg6 17. Bf1 dxc4 18. Qxc4 Ne7 19. g3 c5 20. Qb3 cxd4 21.
Rxc8 Qxc8 22. exd4 Nd5 23. f3 Nd6 24. Kf2 b5 25. Bd3 Nc4 26. Qc2 Qc6 27. Be2
Rf6 28. Nh3 Rf8 29. Rc1 Rc8 30. Qb3 h6 31. Kg1 Bg6 32. Nf2 f4 33. Nd3 Bxd3 34.
Bxd3 fxg3 35. hxg3 Nf6 36. Be2 Qd5 37. f4 Qf5 38. d5 exd5 39. Bd4 Re8 40. Qd3
Ne4 41. Bf3 Re6 42. Kg2 Rg6 43. Bf2 Kh7 44. Kh2 Ncd2 45. Be2 Qe6 46. Be1 Nc4
47. Qd4 Ng5 48. Qf2 Qh3+ 49. Kg1 Ne4 50. Qg2 Qf5 51. Kh2 Ne3 52. Qh3 Ng4+ 53.
Kg1 Qe6 54. Bd3 Qb6+ 55. Rc5 Nxc5 56. bxc5 Qf6 57. Bc3 Qxc3 58. Bxg6+ Kxg6 59.
Qxg4+ Kf6 60. Qh4+ Kg6 61. Qg4+ Kf6 62. Qh4+ Ke6 63. Qg4+ Ke7 64. c6 Qxc6 65.
Qxg7+ Ke8 66. Qg8+ Ke7 67. Qh7+ Kf8 68. Qh8+ Kf7 69. Qh7+ Kf8 70. Qh8+ Kf7
1/2-1/2

[Event "Madrid ch 2012 - Final"]
[Site "Madrid ESP"]
[Date "2012.06.09"]
[Round "3.31"]
[White "Taboas Rodriguez, Daniel"]
[Black "Moreno Ruiz, Javier"]
[Result "0-1"]
[WhiteElo "2410"]
[BlackElo "2513"]
[PlyCount "168"]
[EventDate "2012.05.31"]
[EventType "k.o."]
[EventRounds "4"]
[EventCountry "ESP"]
[Source "lmi"]
[SourceDate "2012.05.31"]

1. d4 Nf6 2. c4 e6 3. Nc3 Bb4 4. e3 O-O 5. Bd3 d5 6. Nf3 b6 7. cxd5 exd5 8. Qc2
a6 9. O-O Bb7 10. a3 Bd6 11. b4 Nbd7 12. b5 axb5 13. Nxb5 Qe7 14. a4 c5 15.
Nxd6 Qxd6 16. Bb5 Ba6 17. Rb1 Rfc8 18. Ba3 Qe6 19. Bxa6 Rxa6 20. dxc5 bxc5 21.
Rb5 Qe4 22. Qxe4 dxe4 23. Nh4 g6 24. a5 Rca8 25. Bb2 Rxa5 26. Rb7 c4 27. g4 Nc5
28. Rc7 Nxg4 29. h3 Nd3 30. Bc3 Rh5 31. Ra1 Rxa1+ 32. Bxa1 Nge5 33. f4 exf3 34.
Rc8+ Kg7 35. Nxf3 f6 36. Nxe5 Nxe5 37. Kg2 Rg5+ 38. Kf2 Nd3+ 39. Kf3 Rf5+ 40.
Kg3 Rc5 41. Rd8 Ne5 42. Bd4 Rc7 43. Bc3 h5 44. Kf4 Nd3+ 45. Ke4 Nf2+ 46. Kd5
Nxh3 47. Rd6 Rf7 48. Kxc4 Ng5 49. Kd3 Nf3 50. Ke4 Ne5 51. Kf4 Re7 52. e4 Kf7
53. Ra6 Ng4 54. Bd4 g5+ 55. Kf3 Ne5+ 56. Ke3 h4 57. Ra8 Kg6 58. Rh8 Rh7 59.
Rg8+ Kf7 60. Ra8 Kg6 61. Kf2 h3 62. Bxe5 fxe5 63. Ra6+ Kh5 64. Kg3 Rb7 65. Kxh3
Rb3+ 66. Kg2 Kg4 67. Rf6 Re3 68. Kf2 Rxe4 69. Re6 Rf4+ 70. Kg2 Rf5 71. Ra6 e4
72. Ra4 Kf4 73. Kf2 Rb5 74. Ra2 Rb3 75. Rc2 g4 76. Ra2 Rd3 77. Ra8 Rd2+ 78. Ke1
Rb2 79. Ra3 g3 80. Kf1 e3 81. Ra8 Rb1+ 82. Kg2 e2 83. Rf8+ Kg5 84. Rg8+ Kf6 0-1